000 00509nam a2200181Ia 4500
003 OSt
005 20260326090506.0
008 211028s2007 xx 000 0 und d
040 _cAIMIT LIBRARY
041 _aeng
082 _a658.15 DSOS
100 _aDsouza, Shanthi;Tauro, Lavina.
_g50971376
_95809
245 _aA study of random walk hypothesis on select index schemes of mutual funds /
260 _bTauro, Lavina
_c2007
600 _aFinance
_95810
650 _aFinance
_95811
942 _2ddc
_cPRO
999 _c218028
_d218028